000 01112cam a2200253 a 4500
001 000019154
005 20200929165933.0
008 910326s1989 cu b 000 0 spa
020 _z9509852288
040 _aDO-SdBNP
_cDLC
_dDLC
_dBNPHU
082 _a980.05
_bP418a, v.2
245 0 0 _aPensar al Che /
_cedición Mayda Argüelles, Guadalupe Rouco.
260 _aLa Habana, Cuba :
_bCentro de Estudios sobre America ;
_aBuenos Aires :
_bEdiciones Dialéctica,
_c1989.
300 _av.2 ;
_c20 cm.
500 _aBiblioteca posee v.2
500 _aVol. 2 impreso en: La Habana, Cuba : Centro de Estudios sobre America : Editorial J. Marti.
504 _aIncluye referencias bibliográficas y notas al pie de las páginas.
505 0 _at. [1]. Desafios de la lucha por el poder politico -- t. 2. Los retos de la transicion socialista / prefacio de Armando Hart Davalos.
600 1 0 _aGUEVARA, ERNESTO,
_d1928-1967.
_919253
650 4 _aRevolucionarios
_zBolivia
_vDIARIOS
_92264
700 1 _aArgüelles, Mayda,
_eed.
_941225
700 1 _aRouco, Guadalupe,
_eed.
_941226
910 _aCatalogación derivada / LC
999 _c18672
_d18672